Les Pokémons de type Glace - Statistiques

Statistiques générales
  • Ce quiz a été pris 247 fois
    139 depuis la dernière actualisation
  • Le résultat moyen est 46 sur 55
Statistiques - réponses
Gen. Type 1 Type 2 Pokémon % Correct
I 144 Glace Vol Artikodin
97%
III 362 Glace Oniglali
96%
III 361 Glace Stalgamin
96%
IV 460 Glace Plante Blizzaroi
95%
IV 459 Glace Plante Blizzi
95%
IV 461 Glace Ténèbres Dimoret
95%
II 215 Glace Ténèbres Farfuret
95%
III 365 Glace Eau Kaimorse
95%
IV 478 Glace Spectre Momartik
95%
I 038 Glace Fée Feunard
94%
I 037 Glace Goupix
94%
IV 473 Glace Sol Mammochon
94%
II 220 Glace Sol Marcacrin
94%
III 363 Glace Eau Obalie
94%
III 364 Glace Eau Phogleur
94%
I 027 Glace Acier Sabelette
94%
I 028 Glace Acier Sablaireau
94%
I 087 Glace Eau Lamantine
92%
I 131 Glace Eau Lokhlass
92%
II 221 Glace Sol Cochignon
91%
V 646 Glace Dragon Kyurem
91%
V 614 Glace Polagriffe
91%
V 613 Glace Polarhume
91%
I 124 Glace Psy Lippoutou
90%
I 091 Glace Eau Crustabri
88%
III 378 Glace Regice
88%
V 615 Glace Hexagel
87%
IV 493 Glace Arceus
86%
II 238 Glace Psy Lippouti
86%
V 582 Glace Sorbébé
86%
V 584 Glace Sorbouboul
86%
II 225 Glace Vol Cadoizo
84%
IV 471 Glace Givrali
84%
V 583 Glace Sorboul
84%
IV 479 Glace Electrik Motisma
83%
V 555 Glace Darumacho
82%
V 555 Glace Feu Darumacho
82%
V 554 Glace Darumarond
82%
VI 712 Glace Grelaçon
82%
VI 698 Glace Roche Amagara
79%
VI 699 Glace Roche Dragmara
79%
I 122 Glace Psy M. Mime
79%
VI 713 Glace Séracrawl
78%
VI 713 Glace Roche Séracrawl
78%
VIII 873 Glace Insecte Beldeneige
77%
VII 740 Glace Combat Crabominable
75%
VIII 866 Glace Psy M. Glaquette
75%
VIII 872 Glace Insecte Frissonille
73%
III 351 Glace Morpheo
68%
VIII 883 Glace Eau Hydragla
66%
VII 773 Glace Silvallié
65%
VIII 881 Glace Electrik Galvagla
62%
VIII 896 Glace Blizzeval
61%
VII 898 Glace Psy Sylveroy
60%
VIII 875 Glace Bekaglaçon
58%
Aucun quiz correspondant
Distribution des résultats
% des personnes avec chaque résultat
Percentile par nombre de réponses
Votre historique - résultats
Vous n’avez pas pris ce quiz depuis la dernière actualisation